书目信息 |
| 题名: |
现代雕塑简史
|
|
| 作者: | 里德 , Read , 余志强 , 栗爱平 著 | |
| 分册: | ||
| 出版信息: | 成都 四川美术出版社 1989.9 |
|
| 页数: | 171页 | |
| 开本: | 20cm | |
| 丛书名: | ||
| 单 册: | ||
| 中图分类: | J330 | |
| 科图分类: | ||
| 主题词: | 雕塑史--西方国家--现代 | |
| 电子资源: | ||
| ISBN: | 7-5410-0225-9 | |
| 000 | 00937nam0 2200289 450 | |
| 001 | 1534189199 | |
| 005 | 20150131093008.03 | |
| 010 | @a7-5410-0225-9@dCNY4.85 | |
| 100 | @a19901220d1989 ekmy0chiy0110 ea | |
| 101 | 1 | @achi@ceng |
| 102 | @aCN@b510000 | |
| 105 | @af z 000yy | |
| 200 | 1 | @a现代雕塑简史@9xian dai diao su jian shi@f(英)里 德(Read,H.)著@g余志强,栗爱平译 |
| 210 | @a成都@c四川美术出版社@d1989.9 | |
| 215 | @a171页@c图版@d20cm | |
| 300 | @a书名原文:A concise history of modern sculpture | |
| 300 | @a里德(1893~1968),英国社会学家、艺术史家 | |
| 330 | @a本书介绍了西方现代雕塑发展的历史和理论。 | |
| 517 | 1 | @aA concise history of modern sculpture |
| 606 | 0 | @a雕塑史@y西方国家@z现代 |
| 690 | @aJ330@v4 | |
| 701 | 1 | @a里德@9li de@bH.@4著 |
| 701 | 1 | @aRead@bHerbert@4著 |
| 701 | 0 | @a余志强@9yu zhi qiang@4译 |
| 701 | 0 | @a栗爱平@9li ai ping@4译 |
| 801 | 0 | @aCN@bTSSF@c20150131 |
| 905 | @aZUCC@dJ330@eJY1 | |
| 现代雕塑简史/(英)里 德(Read,H.)著/余志强,栗爱平译.-成都:四川美术出版社,1989.9 |
| 171页:图版;20cm |
| 书名原文:A concise history of modern sculpture.-里德(1893~1968),英国社会学家、艺术史家 |
| ISBN 7-5410-0225-9:CNY4.85 |
| 本书介绍了西方现代雕塑发展的历史和理论。 |
| ● |
| 相关链接 |
|
|
|
|
正题名:现代雕塑简史
索取号:J330/JY1
 
预约/预借
| 序号 | 登录号 | 条形码 | 馆藏地/架位号 | 状态 | 备注 |
| 1 | 7862347 | 278623474 | 学院路分馆/ [索取号:J330/JY1] | 在馆 |